Fake Toys III Quiz Stats

 Plays Quiz Updated Sep 30, 2016

Also try: Fake Toys II
Challenge
Share
Tweet
Score 0/16 Timer 05:00
4 Plays Today
% Correct
Batman
98.8%
Astroboy Homer Simpson
98.7%
Chewbacca
97%
Xbox 360
92.6%
Harry Potter
92.5%
The Smurfs
91.8%
My Little Pony
90.6%
Mr. Potato Head
88.8%
% Correct
Mr. Spock
86.7%
Furby
86.2%
Indiana Jones
84.8%
Knight Rider Transformers
83.2%
Terminator
78.3%
Alien
77.8%
Goku
61%
Chuck Norris
37.4%

You're not logged in!

Compare scores with friends on all Sporcle quizzes.
OR
Log In

You Might Also Like...

Show Comments

Extras

Top Quizzes Today


Score Distribution

Your Account Isn't Verified!

In order to create a playlist on Sporcle, you need to verify the email address you used during registration. Go to your Sporcle Settings to finish the process.

Report this User

Report this user for behavior that violates our Community Guidelines.

Details: